|
|
|
|
| LEADER |
00000nlm0a2200000 4500 |
| 001 |
658289 |
| 005 |
20250123090317.0 |
| 035 |
|
|
|a (RuTPU)RU\TPU\network\25925
|
| 090 |
|
|
|a 658289
|
| 100 |
|
|
|a 20180921d2019 m||y0rusy50 ca
|
| 101 |
0 |
|
|a rus
|
| 102 |
|
|
|a RU
|
| 135 |
|
|
|a jrcn ---uucaa
|
| 181 |
|
0 |
|a i
|b e
|
| 182 |
|
0 |
|a b
|
| 183 |
|
0 |
|a cr
|2 RDAcarrier
|
| 200 |
1 |
|
|a Основы права
|e лекционный видеокурс
|f И. А. Агеев
|g Национальный исследовательский Томский политехнический университет (ТПУ), Институт социально-гуманитарных технологий (ИСГТ), Кафедра истории и философии науки и техники (ИФНТ)
|
| 203 |
|
|
|a Текст
|a Звуки
|a Изображение
|a Устная речь
|c электронный
|b визуальный
|
| 210 |
|
|
|a Томск
|d 2014
|
| 225 |
1 |
|
|a Лекторий ТПУ
|
| 283 |
|
|
|a online_resource
|2 RDAcarrier
|
| 336 |
|
|
|a Интерактивный мультимедиа ресурс
|
| 371 |
0 |
|
|a AM_Login_TPU
|
| 606 |
1 |
|
|a Правоведение
|9 83220
|
| 610 |
1 |
|
|a электронный ресурс
|
| 610 |
1 |
|
|a труды учёных ТПУ
|
| 610 |
1 |
|
|a видеоуроки
|
| 610 |
1 |
|
|a видеолекции
|
| 686 |
|
|
|2 rubbk
|a Х620я73
|
| 700 |
|
1 |
|a Агеев
|b И. А.
|c историк, краевед
|c доцент Томского политехнического университета, кандидат исторических наук
|f 1986-
|g Илья Александрович
|9 17413
|
| 712 |
0 |
2 |
|a Национальный исследовательский Томский политехнический университет (ТПУ)
|b Институт социально-гуманитарных технологий (ИСГТ)
|b Кафедра истории и философии науки и техники (ИФНТ)
|3 (RuTPU)RU\TPU\col\21252
|
| 801 |
|
2 |
|a RU
|b 63413507
|c 20211201
|g RCR
|
| 830 |
|
|
|a ЦОР2024
|
| 856 |
4 |
|
|u https://edu.tpu.ru/course/info.php?id=210
|z https://edu.tpu.ru/course/info.php?id=210
|
| 942 |
|
|
|c CF
|